Colonialism and Indian economy (Record no. 441099)

000 -LEADER
fixed length control field 00416cam a22001457a 4500
008 - FIXED-LENGTH DATA ELEMENTS--GENERAL INFORMATION
fixed length control field 180718b2010 xxu||||| |||| 00| 0 eng d
020 ## - INTERNATIONAL STANDARD BOOK NUMBER
International Standard Book Number 0198066449
082 ## - DEWEY DECIMAL CLASSIFICATION NUMBER
Classification number T1x54 B146c
100 ## - MAIN ENTRY--PERSONAL NAME
Personal name Bagchi, Amiya Kumar
245 ## - TITLE STATEMENT
Title Colonialism and Indian economy
Statement of responsibility, etc. by Amiya Kumar Bagchi
260 ## - PUBLICATION, DISTRIBUTION, ETC.
Place of publication, distribution, etc. New Delhi
Name of publisher, distributor, etc. Oxford Univ. Press
Date of publication, distribution, etc. 2010
300 ## - PHYSICAL DESCRIPTION
Extent 303p.
650 ## - SUBJECT ADDED ENTRY--TOPICAL TERM
Topical term or geographic name entry element Economic development -India
650 ## - SUBJECT ADDED ENTRY--TOPICAL TERM
Topical term or geographic name entry element Colonialism
Holdings
Withdrawn status Lost status Damaged status Not for loan Permanent Location Current Location Date acquired Full call number Barcode Date last seen Price effective from Koha item type
        Indian Institute of Public Administration Indian Institute of Public Administration 2010-11-03 T1x54 B146c 84068 2018-07-21 2018-07-21 Book

Powered by Koha